School management and systems of education/ (Record no. 34630)

MARC details
000 -LEADER
fixed length control field 00798nam a22002297a 4500
005 - DATE AND TIME OF LATEST TRANSACTION
control field 20100313093850.0
008 - FIXED-LENGTH DATA ELEMENTS--GENERAL INFORMATION
fixed length control field 100313t xxu||||| |||| 00| 0 eng d
010 ## - LCCN (DPL NO)
LC control number ENG-95879
020 ## - INTERNATIONAL STANDARD BOOK NUMBER
International Standard Book Number 9788183161527
Terms of availability 175.00
035 ## - SYSTEM CONTROL NUMBER
System control number EN-79412
037 ## - SOURCE OF ACQUISITION
Source of stock number/acquisition DBAD/PUB
040 ## - CATALOGING SOURCE
Original cataloging agency DPL
100 ## - MAIN ENTRY--PERSONAL NAME
Personal name Krishnamacharyulu, T.
245 ## - TITLE STATEMENT
Title School management and systems of education/
Statement of responsibility, etc by V. Krishnamacharyulu
260 ## - PUBLICATION, DISTRIBUTION, ETC. (IMPRINT)
Place of publication, distribution, etc New Delhi
Name of publisher, distributor, etc Neelkamal Publications Pvt. Ltd.
Date of publication, distribution, etc 2009
270 ## - ADDRESS
Address BG5/9B, Paschim Vihar
City New Delhi
Postal code 110063
300 ## - PHYSICAL DESCRIPTION
Extent xix, 419p :
Dimensions 23 cm. (Pb)
700 ## - ADDED ENTRY--PERSONAL NAME
Personal name Hariprasad, M.
700 ## - ADDED ENTRY--PERSONAL NAME
Personal name Prakasam, V.
942 ## - ADDED ENTRY ELEMENTS (KOHA)
Source of classification or shelving scheme Dewey Decimal Classification
Item type English Books
Call number suffix KRI
Holdings
Withdrawn status Lost status Source of classification or shelving scheme Materials specified (bound volume or other part) Damaged status Not for loan Collection code Home library Current library Date acquired Source of acquisition Cost, normal purchase price Total Checkouts Full call number Barcode Date last seen Copy number Cost, replacement price Koha item type
    Dewey Decimal Classification Pb   Not For Loan Non-fiction D.B.Act.Division D.B.Act.Division 13/03/2010 DBAD/PUB 175.00   KRI EN-79412 13/03/2010 1 175.00 English Books

© Delhi Public Library
Hit Counter
free hit counter